| 000 | 00000nam##2200000za#4500 |
| 001 | 9.603396 |
| 003 | CaOODSP |
| 005 | 20210624211043 |
| 007 | cr ||||||||||| |
| 008 | 150406|2005||||xxc|||||o f|0| 0 fre|d |
| 040 | |aCaOODSP|bfre |
| 043 | |an-cn--- |
| 086 | 1 |aBT31-4/14-2005F-PDF |
| 110 | 1 |aCanada. |bConseil du trésor. |
| 245 | 10|aTransports Canada - 2004-2005 rapport ministériel sur le rendement |h[ressource électronique] |
| 260 | |aOttawa - Ontario : |bSecrétariat du Conseil du Trésor du Canada |c[2005]. |
| 300 | |a110p.|bgraphiques, organigramme, tableaux, photographies, index |
| 490 | 1 |aRapport sur le rendement pour la période se terminant le 31 mars 2005 |
| 590 | |a12-06-Supp|b2012-03-07 |
| 775 | 08|tTransport Canada, 2004-2005 departmental performance report |w(CaOODSP)9.573183 |
| 776 | 0#|tTransports Canada |w(CaOODSP)9.541901 |
| 776 | 0#|tTransport Canada |w(CaOODSP)9.541900 |
| 830 | #0|aRapport sur le rendement pour la période se terminant le 31 mars 2005.|w(CaOODSP)9.502661 |
| 856 | 40|ahttp://publications.gc.ca|qPDF|s2.51 Mo|uhttps://publications.gc.ca/collections/collection_2012/sct-tbs/BT31-4-14-2005-fra.pdf |